Žena v zrcadle /

Hlavní autor: Schmitt, Éric-Emmanuel, 1960-
Další autoři: Melanová, Dana, 1950-
Jazyk: Čeština
Vydáno: Praha : Motto, 2015
Vydání: Vydání první
Témata:
Fyzický popis: 406 stran ; 21 cm
Knihy
Uloženo v:
LEADER 01355nam a2200409 i 4500
001 nkc20152756119
003 CZ PrNK
005 20160118104316.0
007 ta
008 151208s2015 xr g 000 f cze
015 |a cnb002756119 
020 |a 978-80-267-0530-7  |q (vázáno) 
035 |a (OCoLC)934901995 
040 |a ABA001  |b cze  |e rda 
041 1 |a cze  |h fre 
072 7 |a 821.133.1-3  |x Francouzská próza, francouzsky psaná  |2 Konspekt  |9 25 
080 |a 821.133.1-31  |2 MRF 
080 |a (0:82-31)  |2 MRF 
100 1 |a Schmitt, Éric-Emmanuel,  |d 1960-  |7 jn20011018504  |4 aut 
240 1 0 |a Femme au miroir.  |l Česky 
245 1 0 |a Žena v zrcadle /  |c Eric-Emmanuel Schmitt ; přeložila Dana Melanová 
250 |a Vydání první 
264 1 |a Praha :  |b Motto,  |c 2015 
300 |a 406 stran ;  |c 21 cm 
336 |a text  |b txt  |2 rdacontent 
337 |a bez média  |b n  |2 rdamedia 
338 |a svazek  |b nc  |2 rdacarrier 
500 |a Přeloženo z francouzštiny 
655 7 |a francouzské romány  |7 fd132289  |2 czenas 
655 9 |a French fiction  |2 eczenas 
700 1 |a Melanová, Dana,  |d 1950-  |7 mzk2003186044  |4 trl 
910 2 |a BOA001  |b 2-1359.022 
928 9 |a Albatros Media - Motto 
990 |a BK 
995 |a 01 
991 |b 201601  |c NOV 
996 6 |b 2610654967  |c 2-1359.022  |l MZK  |r Sklad / do 1 hodiny  |n 1  |p p.v.  |w 001538074  |u 000010  |a 1  |e BOA001  |j MZK50  |s P